Mufassal Osmanlı tarihi : (Record no. 15786)

MARC details
000 -BAŞLIK
Sabit Uzunlukta Kontrol Alanı 00891nam a22002777a 4500
999 ## - SİSTEM KONTROL NUMARALARI (KOHA)
Koha Biblionumber 15786
Koha Biblioitemnumber 15786
003 - KONTROL NUMARASI IDENTIFIER
Denetim Alanı MIRAKIL
005 - SON İŞLEM TARİHİ VE ZAMANI
Denetim Alanı 20240326113519.0
008 - SABİT-BOY VERİ ELEMANLARI - GENEL BİLGİLER
Sabit Uzunlukta Kontrol Alanı 240326b tu ||||| |||| 00| 0 tur d
020 ## - ULUSLARARASI STANDART KİTAP NUMARASI
Uluslararası Standart Kitap Numarası 9789751623218 (t.k)
020 ## - ULUSLARARASI STANDART KİTAP NUMARASI
Uluslararası Standart Kitap Numarası 9789751623225 (1.c)
020 ## - ULUSLARARASI STANDART KİTAP NUMARASI
Uluslararası Standart Kitap Numarası 9789751623409 (2.c)
020 ## - ULUSLARARASI STANDART KİTAP NUMARASI
Uluslararası Standart Kitap Numarası 9789751623461 (3.c)
020 ## - ULUSLARARASI STANDART KİTAP NUMARASI
Uluslararası Standart Kitap Numarası 9789751623560 (4.c)
020 ## - ULUSLARARASI STANDART KİTAP NUMARASI
Uluslararası Standart Kitap Numarası 9789751623492 (5.c)
020 ## - ULUSLARARASI STANDART KİTAP NUMARASI
Uluslararası Standart Kitap Numarası 9789751623539 (6.c)
040 ## - KATALOGLAMA KAYNAK
Orijinal Kataloglama Ajansı TR-AnCHP
Metne Dönüştürmek Ajansı TR-AnCHP
041 ## - DİL KODU
Metin / Ses Parça Veya Ayrı Başlığın Dil Kodu tur
082 ## - DEWEY ONLU SINIFLANDIRMA NUMARASI
Sınıflandırma Numarası 956.1015
Ürün Numarası C39o 2021
100 1# - ANA GİRİŞ - KİŞİSEL İSİM
Kişisel Ad Cezar, Mustafa
245 10 - BAŞLIK TABLOSU
Başlık Mufassal Osmanlı tarihi :
Başlığın Kalan resimli - haritalı /
Sorumluluk Tablosu, Vb Mustafa Cezar.
260 ## - YAYIN, DAĞITIM, VB
Yayın, Dağıtım, Vb Yeri Ankara :
Yayıncı, Dağıtıcı, Vs Adı Türk Tarih Kurumu,
Yayın, Dağıtım, Vb Tarihi 2021.
300 ## - FİZİKSEL TANIM
Kapsam c."1-6." :
Diğer Fiziksel Ayrıntıları res., hrt. ;
Boyutlar 25 cm.
650 #0 - KONU KATMA GİRİŞ - TOPİKAL DÖNEM
9 (RLIN) 710
Topikal Süreli Veya Coğrafi Ad Giriş Elemanı Osmanlı İmparatorluğu
Genel Alt Bölümü Tarih
856 ## - ELEKTRONİK YER VE ERİŞİM
Kamu Notu Dijital Nüshası için Partimizin Kütüphane Sorumlusu ile iletişime geçiniz.
942 ## - EKLENDİ GİRİŞ ELEMANLARI (KOHA)
Sınıflandırma Veya Raf Düzeni Kaynak Dewey Decimal Classification
Koha Öğesi Türü Books
Holdings
Kalıcı Konum Mevcut Konum Edinme Tarihi Toplam Check-Out'Lar Tam Çağrı Numarası Barkod Tarih Son Görülme Kopya Sayısı İtibaren Geçerli Fiyatlar Koha Öğesi Türü
CHP Kütüphanesi CHP Kütüphanesi 03/26/2024   956.1015 C39o 2021 21720 03/26/2024 c.1 03/26/2024 Books
CHP Kütüphanesi CHP Kütüphanesi 03/26/2024   956.1015 C39o 2021 21721 03/26/2024 c.2 03/26/2024 Books
CHP Kütüphanesi CHP Kütüphanesi 03/26/2024   956.1015 C39o 2021 21722 03/26/2024 c.3 03/26/2024 Books
CHP Kütüphanesi CHP Kütüphanesi 03/26/2024   956.1015 C39o 2021 21723 03/26/2024 c.4 03/26/2024 Books
CHP Kütüphanesi CHP Kütüphanesi 03/26/2024   956.1015 C39o 2021 21724 03/26/2024 c.5 03/26/2024 Books
CHP Kütüphanesi CHP Kütüphanesi 03/26/2024   956.1015 C39o 2021 21725 03/26/2024 c.6 03/26/2024 Books